| 000 | 00834nam0a22002651 4500 | ||
|---|---|---|---|
| 001 | RU\NLR\INFOCOMM\LIB\13627 | ||
| 005 | 20250617205100.0 | ||
| 010 |
_bsid. _91000экз. |
||
| 035 | _a(NLR Aleph) 004283758 | ||
| 090 |
_a2383234 _c2383234 |
||
| 100 | _a20011224d1978 |||y0rusy50 ca | ||
| 101 | 1 |
_afin _crus |
|
| 102 | _aRU | ||
| 105 | _ay ||||000ay | ||
| 200 | 1 |
_aTaruniemi _eRunoja ja suomennoksia _fTaisto Summanen |
|
| 210 |
_aPetroskoi _cKarjala _d1978 |
||
| 215 |
_a144 с. _d14 см |
||
| 300 | _aВ вып. дан.: Лукоморье: Стихи,Переводы/Сумманен Тайсто Карлович | ||
| 700 | 1 |
_aSummanen _bT. _f1931-1988 _gTaisto _4070 |
|
| 801 | 1 |
_aRU _bInfoComm _c20011224 |
|
| 801 | 0 |
_aRU _bNLR _gPSBO _c19791115 |
|
| 852 |
_aNLR _bН _jФин/1-339 |
||
| 942 | _cBOOK | ||
| 980 | _aNB | ||